Britain's railways : An industrial history
Shranjeno v:
| Glavni avtor: | |
|---|---|
| Format: | Knjiga |
| Jezik: | Undetermined |
| Izdano: |
Newton
David and Charles
1971
|
| Teme: | |
| Oznake: |
Označite
Brez oznak, prvi označite!
|
| Thư viện lưu trữ: | Trung tâm Học liệu Trường Đại học Cần Thơ |
|---|
| LEADER | 00557nam a2200217Ia 4500 | ||
|---|---|---|---|
| 001 | CTU_84405 | ||
| 008 | 210402s9999 xx 000 0 und d | ||
| 082 | |a 385.0941 | ||
| 082 | |b P774 | ||
| 100 | |a Pollins, Harold | ||
| 245 | 0 | |a Britain's railways : | |
| 245 | 3 | |b An industrial history | |
| 245 | 0 | |c Harold Pollins | |
| 260 | |a Newton | ||
| 260 | |b David and Charles | ||
| 260 | |c 1971 | ||
| 650 | |a Railroads | ||
| 650 | |x History | ||
| 650 | |z Great Britain | ||
| 904 | |i QHieu(sửa) | ||
| 980 | |a Trung tâm Học liệu Trường Đại học Cần Thơ | ||